000 00834nam a22002537a 4500
005 20170123162323.0
010 _aA-581180
020 _c200.00
035 _aA-581180
037 _bCen Lib/Ret
040 _aDPL
_bUR
082 _a920
_bر ف ع
100 _aرفعت سروش
_9118202
245 _aاور بستی دیللی ہے :
_c رفعت سروش
_bخود نوشت /
246 _aAur basti nahin ye dilli hai : khdu noshat /
_bby Rafat Sarosh
260 _aنیی دہلی
_bنورنگ کتاب گھر
_c1992
270 _bنیی دہلی
_a110014
300 _a463p.
_c21cm(Hb)
650 _aاردو ادب
_9118203
650 _aاردو سوانے عمری
_9118204
650 _aUrdu literature
_9118205
650 _aUrdu biography
_9511
942 _2ddc
_cUR
_h920
_mر ف ع
999 _c107253
_d107253